000 00958nam a2200253 a 4500
003 EG-GiCUC
008 181017s1979 ku g 000 0 ara d
040 _aEG-GiCUC
_bara
_cEG-GiCUC
092 0 4 _a338.27282
_bF145
_221
099 _a04
_a338.27282 F145
100 1 _aعبد الفضيل : محمود
245 1 2 _aالنفط و المشكلات المعاصرة للتنمية العربية /
_cمحمود عبد الفضيل
260 _aالكويت :
_bالمجلس الوطنى للثقافة و الفنون و الآداب :
_c1979
300 _a233ص ؛
_c24سم
490 1 _aعالم المعرفة
504 _aيشتمل على ارجاعات ببليوجرافية
650 7 _aالبترول
_xاقتصاديات
_2qrmak
650 7 _aالبترول
_xصناعة و تجارة
_2qrmak
830 0 _aعالم المعرفة
902 _a1
905 _aاميرة
_eمراجع
905 _aرضا
_eمدخل
942 _2ddc
_cBK
999 _c150819
_d150819